[Event "28th Czech Open A 2017"]
[Site "Pardubice CZE"]
[Date "2017.07.28"]
[Round "8.100"]
[White "Cerny, David"]
[Black "Chovan, Milan"]
[Result "0-1"]
[BlackTitle "FM"]
[WhiteElo "2035"]
[BlackElo "2269"]
[WhiteFideId "369551"]
[BlackFideId "14933691"]
[EventDate "2017.07.21"]

1. e4 c5 2. Nf3 d6 3. Bb5+ Nc6 4. O-O Bd7 5. Re1 Nf6 6. c3 a6 7. Bf1 Bg4 8. h3
Bxf3 9. Qxf3 e6 10. d3 Be7 11. Be3 O-O 12. Nd2 d5 13. exd5 Nxd5 14. Ne4 Nxe3 15.
Qxe3 Qd5 16. b3 Rfd8 17. Rad1 Rac8 18. g3 b6 19. Kh2 Qe5 20. f4 Qc7 21. Bg2 Bf8
22. Ng5 h6 23. Nf3 b5 24. Ne5 Nxe5 25. Qxe5 Bd6 26. Qe3 h5 27. h4 g6 28. c4 Bf8
29. f5 exf5 30. Qg5 Rd4 31. Bf3 Kh7 32. Kg2 Rcd8 33. Re2 Qd6 34. Rde1 Rxd3 35.
Re5 f6 0-1

[Event "28th Czech Open A 2017"]
[Site "Pardubice CZE"]
[Date "2017.07.28"]
[Round "8.101"]
[White "Babikov, Ivan"]
[Black "Jayaram, R."]
[Result "1/2-1/2"]
[WhiteTitle "FM"]
[WhiteElo "2267"]
[BlackElo "1955"]
[WhiteFideId "4161106"]
[BlackFideId "5019915"]
[EventDate "2017.07.21"]

1. e4 e5 2. Nf3 Nc6 3. Bc4 Bc5 4. b4 Bxb4 5. c3 Be7 6. d4 Na5 7. Be2 d6 8. O-O
Nf6 9. dxe5 dxe5 10. Qa4+ c6 11. Nxe5 O-O 12. Bf4 b5 13. Qc2 Be6 14. Nd2 Nd7 15.
Rad1 Nxe5 16. Bxe5 Qb6 17. Kh1 Rad8 18. f4 f6 19. Bd4 Bc5 20. Nf3 Nc4 21. Bxc5
Qxc5 22. Nd4 Bf7 23. Rf3 Rd7 24. Rfd3 Re7 25. Nf5 Rxe4 26. Nh6+ gxh6 27. Rg3+
Kh8 28. Qxe4 Bd5 29. Qd4 Qxd4 30. cxd4 Nd6 31. Bd3 Re8 32. Kg1 a5 33. a3 f5 34.
Kf2 Re4 35. Bxe4 Nxe4+ 36. Kf1 Nxg3+ 37. hxg3 h5 38. Re1 Be4 39. Kf2 Kg7 40. Rc1
b4 41. axb4 axb4 42. Rc4 b3 43. Rb4 Bd5 44. Ke3 Kg6 45. Rb7 h6 46. Rb6 Kf6 47.
Kd2 Kg6 48. Ke1 Kf6 49. Rb7 Kg6 50. Kf2 Kf6 51. Rb8 Kg6 52. Ke2 Bc4+ 53. Kd2 Bd5
54. Rb7 Kf6 55. Kc3 Kg6 56. Rxb3 h4 57. gxh4 Bxg2 58. Kb4 Kh5 59. Rg3 Be4 60.
Kc5 Kxh4 61. Rg6 h5 62. Kc4 Kh3 63. Kc3 h4 64. Kd2 Kh2 65. Ke3 Kh3 66. Kf2 Bd5
67. Rg5 Be4 68. Kg1 Bd3 69. Rg2 Be4 70. Rg6 Bd5 71. Kf2 Bh1 72. Rg7 Bd5 73. Rg5
Be4 74. Rg1 Bd5 75. Rg6 Bh1 76. Re6 Kg4 77. Rh6 h3 78. Ke3 Be4 79. Rg6+ Kh5 80.
Rg7 Kh4 81. Kf2 Bd5 82. Kg1 Be4 83. Kh2 Bg2 84. Rg3 Be4 85. Rg5 Bd3 86. Rg6 Be4
87. Rg3 Bg2 88. Rg7 Be4 89. Rg8 Bd5 90. Rg6 Be4 91. Rg5 Bd3 92. Rg3 Bf1 93. Rg7
Bg2 94. Rg6 Be4 95. Rh6+ Kg4 96. Rxh3 Kxf4 97. Kg1 Bd5 98. Kf2 Ke4 99. Rf3 f4
100. Ke2 Be6 101. Rc3 Bd5 102. Rf3 Bc4+ 103. Kf2 Bd3 104. Kg2 Bc4 105. Kf2 Bd5
106. Ke2 Bc4+ 1/2-1/2

[Event "28th Czech Open A 2017"]
[Site "Pardubice CZE"]
[Date "2017.07.28"]
[Round "8.102"]
[White "Koop, Thorben"]
[Black "Lyell, Mark"]
[Result "1/2-1/2"]
[WhiteTitle "IM"]
[BlackTitle "FM"]
[WhiteElo "2389"]
[BlackElo "2204"]
[WhiteFideId "24661619"]
[BlackFideId "402354"]
[EventDate "2017.07.21"]

1. e4 c6 2. d4 d5 3. Nd2 dxe4 4. Nxe4 Nf6 5. Nxf6+ exf6 6. Ne2 Bd6 7. Ng3 O-O 8.
Be2 Re8 9. O-O Nd7 10. Be3 Qc7 11. Bd3 g6 12. Bd2 f5 13. Re1 Rxe1+ 14. Qxe1 Nf8
15. Bb4 Bd7 16. Bxd6 Qxd6 17. Ne2 Ne6 18. Rd1 Re8 19. c3 c5 20. Qf1 cxd4 21.
Nxd4 Nxd4 22. cxd4 f4 23. Bb5 f3 24. gxf3 Re6 25. Bxd7 Qxd7 26. Qc4 Rf6 27. Rc1
Rc6 28. Qf1 Rd6 29. Qc4 Rxd4 30. Qc8+ Qxc8 31. Rxc8+ Kg7 32. Rc7 Rb4 33. b3 a5
34. Kg2 Kf6 35. Kg3 a4 1/2-1/2

[Event "28th Czech Open A 2017"]
[Site "Pardubice CZE"]
[Date "2017.07.28"]
[Round "8.103"]
[White "Kolotilina, Liudmila"]
[Black "Rafiee, Makan"]
[Result "1/2-1/2"]
[WhiteTitle "WFM"]
[BlackTitle "FM"]
[WhiteElo "2205"]
[BlackElo "2345"]
[WhiteFideId "32099568"]
[BlackFideId "24609340"]
[EventDate "2017.07.21"]

1. d4 Nf6 2. c4 e6 3. Nc3 Bb4 4. Qc2 b6 5. a3 Bxc3+ 6. Qxc3 d5 7. Bg5 O-O 8.
cxd5 Qxd5 9. Bxf6 gxf6 10. Nf3 Ba6 11. e3 Bxf1 12. Kxf1 Nd7 13. h4 Kh8 14. Rh3
Rg8 15. Rc1 Qb5+ 16. Kg1 Qf5 17. Kh1 c5 18. e4 Qg4 19. Rg1 Rg7 20. Qe3 cxd4 21.
Qxd4 Nc5 22. Rg3 Qf4 23. Rd1 Rag8 24. Rxg7 Rxg7 25. e5 fxe5 26. Qxe5 Qxe5 27.
Nxe5 f6 28. b4 Ne4 29. Rd8+ Rg8 30. Nf7+ Kg7 31. Rd7 Kg6 32. f3 Ng3+ 33. Kh2
Nf1+ 34. Kg1 Ne3 35. Kf2 Nc2 36. g4 h5 37. Nd6 Nxa3 38. Rxa7 Rd8 39. Ne4 Nb5 40.
Rb7 Nd6 41. gxh5+ Kxh5 42. Rxb6 Nxe4+ 43. fxe4 Kxh4 44. Rxe6 Kg4 45. b5 Kf4 46.
Rxf6+ 1/2-1/2

[Event "28th Czech Open A 2017"]
[Site "Pardubice CZE"]
[Date "2017.07.28"]
[Round "8.104"]
[White "Havelka, Josef"]
[Black "Jedlicka, Ales"]
[Result "0-1"]
[WhiteTitle "FM"]
[BlackTitle "FM"]
[WhiteElo "2326"]
[BlackElo "2200"]
[WhiteFideId "361097"]
[BlackFideId "304824"]
[EventDate "2017.07.21"]

1. e4 c5 2. Nf3 Nc6 3. d4 cxd4 4. Nxd4 e5 5. Nb5 d6 6. N1c3 a6 7. Na3 Be6 8. Nc4
b5 9. Ne3 Be7 10. g3 Nf6 11. Bg2 O-O 12. O-O Rc8 13. Ncd5 Na5 14. a4 Nc4 15.
axb5 axb5 16. b3 Nxe3 17. Nxe3 Qb6 18. Bb2 Rc7 19. Qe2 Qb7 20. Ra5 Rb8 21. Rfa1
g6 22. Kh1 Bd7 23. f4 Bc6 24. fxe5 Nxe4 25. Ra7 Qc8 26. exd6 Bxd6 27. Ng4 Qxg4
28. Qxg4 Nf2+ 29. Kg1 Nxg4 30. Rxc7 Bxc7 31. Bxc6 Be5 32. Bxe5 Nxe5 33. Be4 Kg7
34. h3 f5 35. Bg2 Rc8 36. Ra7+ Kf6 37. Ra6+ Ke7 38. Rb6 Rxc2 39. Rxb5 Rc1+ 40.
Bf1 Nf3+ 41. Kf2 Nd2 42. Bd3 Rc3 43. Bc4 Ne4+ 44. Ke1 Rxg3 45. Rb7+ Kf6 46. Rxh7
Re3+ 47. Kf1 Nd2+ 48. Kf2 Nxc4 49. bxc4 Rc3 50. Kg2 Rxc4 51. Ra7 Rc2+ 52. Kg3
Rc3+ 53. Kg2 Kg5 54. Ra6 f4 55. Ra4 Rg3+ 56. Kh2 Re3 57. Kg2 Kf5 58. Rb4 g5 59.
Ra4 Re2+ 60. Kg1 f3 61. Rb4 Re4 62. Rb5+ Kf4 63. Kf2 Re2+ 64. Kf1 Rh2 65. Rb4+
Kf5 66. Rb5+ Kg6 67. Rb6+ Kh5 0-1

[Event "28th Czech Open A 2017"]
[Site "Pardubice CZE"]
[Date "2017.07.28"]
[Round "8.106"]
[White "Bauer, Thomas"]
[Black "Hollan, Petr"]
[Result "1-0"]
[WhiteTitle "CM"]
[BlackTitle "FM"]
[WhiteElo "2176"]
[BlackElo "2317"]
[WhiteFideId "1639293"]
[BlackFideId "360945"]
[EventDate "2017.07.21"]

1. e4 c6 2. d4 d5 3. Nd2 dxe4 4. Nxe4 Nf6 5. Nxf6+ exf6 6. c3 Bd6 7. Bd3 Be6 8.
Ne2 Qc7 9. Ng3 Nd7 10. Be3 Nb6 11. Nf5 Bxf5 12. Bxf5 g6 13. Bd3 O-O-O 14. Qf3
Nd5 15. O-O-O Rhe8 16. Kb1 f5 17. Bg5 Be7 18. Bh6 Nf6 19. h3 Nd5 20. g4 fxg4 21.
hxg4 Bd6 22. Bc4 Nf4 23. Bg5 f6 24. Bxf6 Rd7 25. g5 Kb8 26. Rde1 Rf8 27. Re4 Nd5
28. Bxd5 cxd5 29. Reh4 Qc4 30. Rxh7 Rxh7 31. Rxh7 Re8 32. Rh8 Rxh8 33. Bxh8 a6
34. Be5 Bxe5 35. dxe5 Qf1+ 36. Kc2 Qe1 37. Qe3 Qa1 38. a3 Qf1 39. e6 d4 40. cxd4 1-0

[Event "28th Czech Open A 2017"]
[Site "Pardubice CZE"]
[Date "2017.07.28"]
[Round "8.107"]
[White "Radkov, Bazhen D."]
[Black "Ewert, Hannes"]
[Result "1/2-1/2"]
[BlackTitle "FM"]
[WhiteElo "2179"]
[BlackElo "2266"]
[WhiteFideId "24170593"]
[BlackFideId "12961574"]
[EventDate "2017.07.21"]

1. d4 Nf6 2. Nf3 e6 3. e3 c5 4. c4 cxd4 5. exd4 d5 6. Nc3 Be7 7. cxd5 Nxd5 8.
Bd3 Nc6 9. O-O O-O 10. Re1 Nf6 11. Bg5 b6 12. Ne5 Nb4 13. Bxf6 Bxf6 14. Be4 Nd5
15. Qh5 g6 16. Qf3 Bb7 17. Rad1 Bg7 18. Nxd5 exd5 19. Bc2 Qd6 20. Ba4 Rac8 21.
h4 h5 22. Bb3 Rc7 23. g4 hxg4 24. Qxg4 Bc8 25. Qg3 Re7 26. Kg2 Be6 27. f4 Bf5
28. Kf2 Rc8 29. h5 Bxe5 30. Rxe5 Rxe5 31. fxe5 Qe6 32. hxg6 Bxg6 33. Qf3 Qe7 34.
Qg4 Qe6 1/2-1/2

[Event "28th Czech Open A 2017"]
[Site "Pardubice CZE"]
[Date "2017.07.28"]
[Round "8.108"]
[White "Montilli, Vincenzo"]
[Black "Schatz, Christian"]
[Result "1/2-1/2"]
[BlackTitle "CM"]
[WhiteElo "2266"]
[BlackElo "2177"]
[WhiteFideId "883913"]
[BlackFideId "4641620"]
[EventDate "2017.07.21"]

1. c4 c5 2. Nc3 Nf6 3. g3 g6 4. Bg2 Bg7 5. Nf3 O-O 6. O-O d5 7. cxd5 Nxd5 8.
Nxd5 Qxd5 9. d4 Nc6 10. Be3 cxd4 11. Nxd4 Qc4 12. Nxc6 bxc6 13. Qc1 Qxe2 14. Re1
Qxb2 15. Qxb2 Bxb2 16. Rab1 Bc3 17. Rec1 Be5 18. Bxc6 Rb8 19. Bxa7 Rxb1 20. Rxb1
Be6 21. a4 Rc8 22. Bb5 Bc7 23. Rc1 Ba5 24. Rxc8+ Bxc8 25. f4 f6 26. Kf2 Kf7 27.
Ke3 Ke6 28. Bc5 g5 29. Bc4+ Kd7 30. f5 Kd8 31. Ke4 h5 32. Be6 Bb7+ 33. Bd5 Bc8
34. Bc6 e6 35. fxe6 Bxe6 36. Bd6 Bb6 37. Kf3 Bg4+ 38. Kg2 Ba5 39. h3 Be6 40. h4
Bd7 41. Bb5 Be1 42. Kf1 Ba5 43. Ke2 Bg4+ 44. Kf2 Bb6+ 45. Kg2 Be6 46. Bc6 Ba5
47. Bc5 Kc7 48. Bb5 Bc3 49. Be7 Bd5+ 50. Kh2 gxh4 51. gxh4 Be5+ 52. Kg1 Bc6 53.
Bc5 Bxb5 54. axb5 Bg3 55. Bf2 Bxh4 56. Bxh4 Kb6 1/2-1/2

[Event "28th Czech Open A 2017"]
[Site "Pardubice CZE"]
[Date "2017.07.28"]
[Round "8.109"]
[White "Furman, Boris"]
[Black "Bujnoch, Radek"]
[Result "1/2-1/2"]
[WhiteTitle "FM"]
[WhiteElo "2177"]
[BlackElo "2261"]
[WhiteFideId "4107187"]
[BlackFideId "313300"]
[EventDate "2017.07.21"]

1. d4 d5 2. c4 c6 3. cxd5 cxd5 4. Nc3 Nf6 5. Bf4 Nc6 6. e3 Bg4 7. Qb3 Na5 8.
Qa4+ Bd7 9. Qc2 e6 10. Bd3 Nc6 11. Qe2 Be7 12. h3 O-O 1/2-1/2

[Event "28th Czech Open A 2017"]
[Site "Pardubice CZE"]
[Date "2017.07.28"]
[Round "8.110"]
[White "Kratochvil, Vit1"]
[Black "ter Stal, Rainer"]
[Result "1-0"]
[BlackTitle "CM"]
[WhiteElo "2261"]
[BlackElo "2140"]
[WhiteFideId "333808"]
[BlackFideId "12993603"]
[EventDate "2017.07.21"]

1. e4 e6 2. d4 d5 3. Nc3 Bb4 4. exd5 exd5 5. Bd3 Nc6 6. a3 Bxc3+ 7. bxc3 Nge7 8.
Qf3 Be6 9. Rb1 b6 10. Ne2 Qd7 11. Ng3 O-O-O 12. O-O h5 13. h4 f6 14. Re1 Bg4 15.
Qf4 Rdg8 16. a4 g5 17. Qxf6 gxh4 18. Qxh4 Nf5 19. Qxg4 1-0

[Event "28th Czech Open A 2017"]
[Site "Pardubice CZE"]
[Date "2017.07.28"]
[Round "8.111"]
[White "Eryshkanova, Anastasiya"]
[Black "Smid, Miroslav"]
[Result "0-1"]
[WhiteTitle "WFM"]
[WhiteElo "2156"]
[BlackElo "2260"]
[WhiteFideId "24119059"]
[BlackFideId "318906"]
[EventDate "2017.07.21"]

1. d4 d5 2. c4 e6 3. Nf3 Nf6 4. cxd5 exd5 5. Bg5 Be7 6. e3 c6 7. Bd3 Bg4 8. Nc3
Nbd7 9. Qc2 Bh5 10. O-O Bg6 11. Nd2 Bxd3 12. Qxd3 O-O 13. Rfc1 Nh5 14. Bxe7 Qxe7
15. Na4 f5 16. g3 g5 17. Re1 Rae8 18. Nc3 Qe6 19. b4 Ndf6 20. Nf3 Ne4 21. Ne5
Nhf6 22. f3 Nxc3 23. Qxc3 g4 24. f4 Ne4 25. Qd3 a6 26. a4 Rc8 27. Rec1 h5 28. b5
cxb5 29. axb5 Rxc1+ 30. Rxc1 Rc8 31. Rxc8+ Qxc8 32. bxa6 Qc1+ 33. Kg2 Qb2+ 34.
Kg1 Qa1+ 35. Kg2 Qa2+ 36. Kg1 bxa6 37. Qf1 Nd2 38. Qc1 Nc4 39. e4 fxe4 40. f5
Qd2 41. Qxd2 Nxd2 42. Nc6 Kf7 43. Nb4 Nf3+ 44. Kf2 Nxd4 45. Nxa6 Nxf5 46. Nb4
Ke6 0-1

[Event "28th Czech Open A 2017"]
[Site "Pardubice CZE"]
[Date "2017.07.29"]
[Round "9.1"]
[White "Lalith, Babu M R"]
[Black "Krejci, Jan2"]
[Result "0-1"]
[WhiteTitle "GM"]
[BlackTitle "GM"]
[WhiteElo "2530"]
[BlackElo "2519"]
[WhiteFideId "5024595"]
[BlackFideId "322156"]
[EventDate "2017.07.21"]

1. c4 e6 2. g3 d5 3. Bg2 Nf6 4. Nf3 d4 5. O-O c5 6. d3 Nc6 7. e3 Bd6 8. exd4
cxd4 9. Na3 O-O 10. Nc2 e5 11. Rb1 Bg4 12. h3 Be6 13. b4 a6 14. a4 h6 15. Re1
Nd7 16. Bd2 Re8 17. c5 Bc7 18. Nh2 Qc8 19. Qc1 Ne7 20. Na3 Nf6 21. h4 Bd5 22.
Nc4 Qf5 23. Rb3 Rac8 24. Qd1 Bxc4 25. dxc4 e4 26. Bc1 Rcd8 27. b5 Ba5 28. Bd2 e3
29. Bxa5 exf2+ 30. Kh1 fxe1=Q+ 31. Bxe1 axb5 32. Rxb5 Nc6 0-1

[Event "28th Czech Open A 2017"]
[Site "Pardubice CZE"]
[Date "2017.07.29"]
[Round "9.2"]
[White "Lintchevski, Daniil"]
[Black "Vogel, Roven"]
[Result "1-0"]
[WhiteTitle "GM"]
[BlackTitle "IM"]
[WhiteElo "2562"]
[BlackElo "2475"]
[WhiteFideId "4171055"]
[BlackFideId "12908088"]
[EventDate "2017.07.21"]

1. Nf3 Nf6 2. c4 g6 3. g3 Bg7 4. Bg2 O-O 5. O-O c6 6. d4 d5 7. Qb3 Qb6 8. Nc3
Rd8 9. Na4 Qxb3 10. axb3 Na6 11. Bf4 Bf5 12. Rfc1 Nb4 13. Nc5 b6 14. Na6 Nxa6
15. Rxa6 c5 16. dxc5 Bc8 17. Ra2 bxc5 18. Ne5 Bb7 19. Nd3 a5 20. Nxc5 Bc6 21.
Bd2 Rdc8 22. Rxa5 Rxa5 23. Bxa5 Bh6 24. Rc2 dxc4 25. Bxc6 Rxc6 26. Rxc4 Ne8 27.
Nd3 Ra6 28. Bc3 f6 29. Ra4 Rc6 30. Kg2 Rb6 31. Rb4 Rxb4 32. Bxb4 Kf7 33. e4 e5
34. f4 exf4 35. gxf4 f5 36. exf5 gxf5 37. Bc3 Nc7 38. Be5 Nb5 39. Kf3 Bf8 40.
Ke2 Ke6 41. Ne1 Na7 42. Nc2 Kd5 43. Kf3 Nc6 44. Bc3 Bc5 45. b4 Bg1 46. Ne3+ Bxe3
47. Kxe3 Kc4 48. Kd2 Na7 49. Ke2 Kd5 50. Kd3 Nb5 51. Be5 Na7 52. Kc3 Nb5+ 53.
Kb3 Kc6 54. Kc4 Na7 55. Bd4 Nb5 56. Bc5 h5 57. h4 1-0

[Event "28th Czech Open A 2017"]
[Site "Pardubice CZE"]
[Date "2017.07.29"]
[Round "9.3"]
[White "Laznicka, Viktor"]
[Black "Tilicheev, Viacheslav"]
[Result "1/2-1/2"]
[WhiteTitle "GM"]
[BlackTitle "FM"]
[WhiteElo "2669"]
[BlackElo "2497"]
[WhiteFideId "316385"]
[BlackFideId "24114928"]
[EventDate "2017.07.21"]

1. d4 Nf6 2. c4 g6 3. Nf3 Bg7 4. g3 O-O 5. Bg2 d5 6. cxd5 Nxd5 7. O-O Nc6 8. Nc3
Nb6 9. e3 Re8 10. a3 e5 11. d5 Na5 12. Qc2 e4 13. Nd4 Bxd4 14. exd4 Bf5 15. Bh6
Nxd5 16. Nxe4 Nb3 17. Rad1 a5 18. f3 a4 19. Qf2 c6 20. h3 Be6 21. Rfe1 Qd7 22.
Kh2 f6 23. f4 Bf5 24. g4 Bxe4 25. Bxe4 Re7 26. Bxd5+ cxd5 27. Rxe7 Qxe7 28. Re1
Qd7 29. g5 Re8 30. Rxe8+ Qxe8 31. f5 fxg5 32. fxg6 hxg6 33. Bxg5 Qe4 34. Be3 Kg7
35. Kg3 Na5 36. Bg5 Nc6 37. Bf6+ 1/2-1/2

[Event "28th Czech Open A 2017"]
[Site "Pardubice CZE"]
[Date "2017.07.29"]
[Round "9.4"]
[White "Kaczur, Florian"]
[Black "Gupta, Abhijeet"]
[Result "0-1"]
[BlackTitle "GM"]
[WhiteElo "2433"]
[BlackElo "2625"]
[WhiteFideId "705098"]
[BlackFideId "5010608"]
[EventDate "2017.07.21"]

1. e4 e6 2. d4 d5 3. Nd2 c5 4. Ngf3 cxd4 5. Nxd4 Nf6 6. exd5 Nxd5 7. N2f3 Bb4+
8. Bd2 O-O 9. c4 e5 10. cxd5 Bxd2+ 11. Qxd2 exd4 12. Be2 Qxd5 13. Qxd4 Qa5+ 14.
Qd2 Qxd2+ 15. Nxd2 Re8 16. f3 Nc6 17. Kf2 Bf5 18. Nb3 Nb4 19. Nd4 Bg6 20. Rhd1
Kf8 21. Rd2 a6 22. a3 Nd5 23. Nb3 Nf4 24. Bf1 Rac8 25. Na5 Rc7 26. Rad1 b5 27.
Rd7 Rc2+ 28. R1d2 Nd3+ 29. Rxd3 Bxd3 30. Rxc2 Bxc2 31. Nb7 Rc8 32. Na5 Bf5 33.
b3 Rc3 34. Kg3 Be6 35. a4 b4 36. Bxa6 Bxb3 37. Bb5 Bd5 0-1

[Event "28th Czech Open A 2017"]
[Site "Pardubice CZE"]
[Date "2017.07.29"]
[Round "9.5"]
[White "Gopal, G.N."]
[Black "Sychev, Klementy"]
[Result "1/2-1/2"]
[WhiteTitle "GM"]
[BlackTitle "IM"]
[WhiteElo "2580"]
[BlackElo "2494"]
[WhiteFideId "5015693"]
[BlackFideId "4114060"]
[EventDate "2017.07.21"]

1. e4 e6 2. d4 d5 3. Nc3 Nf6 4. e5 Nfd7 5. f4 c5 6. Nf3 Nc6 7. Be3 Be7 8. Qd2
O-O 9. dxc5 Nxc5 10. O-O-O Rb8 11. Nd4 a6 12. h4 Bd7 13. Kb1 b5 14. Bd3 Nxd4 15.
Bxd4 b4 16. Ne2 a5 17. g4 a4 18. Bxc5 Bxc5 19. f5 Qc7 20. Qf4 f6 21. exf6 e5 22.
Qd2 Rxf6 23. Be4 Rd6 24. Bxd5+ Kh8 25. Qc1 Qb6 26. Be4 Rxd1 27. Qxd1 Rd8 28. Ng3
Bxf5 29. Qe2 Be6 30. Rd1 a3 31. b3 Bd4 32. Bd3 Qc7 33. Ne4 Qc8 34. Rf1 Bxg4 35.
Qe1 Bh3 36. Rf3 Bg4 37. Rf1 Bh3 38. Rf3 Bg4 1/2-1/2

[Event "28th Czech Open A 2017"]
[Site "Pardubice CZE"]
[Date "2017.07.29"]
[Round "9.6"]
[White "Noe, Christopher"]
[Black "Deac, Bogdan-Daniel"]
[Result "1/2-1/2"]
[WhiteTitle "IM"]
[BlackTitle "GM"]
[WhiteElo "2451"]
[BlackElo "2579"]
[WhiteFideId "24692018"]
[BlackFideId "1226380"]
[EventDate "2017.07.21"]

1. d4 Nf6 2. c4 e6 3. Nc3 Bb4 4. Qc2 b6 5. e4 c5 6. e5 cxd4 7. a3 Bxc3+ 8. bxc3
Ng8 9. cxd4 Bb7 10. Bb2 Ne7 11. Ne2 O-O 12. Ng3 Ng6 13. h4 h6 14. h5 Ne7 15. Ne4
d5 16. exd6 Nf5 17. O-O-O Nxd6 18. d5 exd5 19. Nxd6 Qxd6 20. Rh3 Nd7 21. Rg3 f6
22. Rxg7+ Kxg7 23. Qg6+ Kh8 24. Qxh6+ Kg8 25. Qg6+ Kh8 26. Qh6+ Kg8 27. Qg6+ 1/2-1/2

[Event "28th Czech Open A 2017"]
[Site "Pardubice CZE"]
[Date "2017.07.29"]
[Round "9.7"]
[White "Matviishen, Viktor"]
[Black "Babula, Vlastimil"]
[Result "0-1"]
[WhiteTitle "FM"]
[BlackTitle "GM"]
[WhiteElo "2404"]
[BlackElo "2551"]
[WhiteFideId "14129850"]
[BlackFideId "301264"]
[EventDate "2017.07.21"]

1. d4 Nf6 2. c4 g6 3. Nc3 d5 4. cxd5 Nxd5 5. Bd2 Bg7 6. e4 Nxc3 7. Bxc3 O-O 8.
Qd2 Nc6 9. d5 Ne5 10. Be2 c6 11. Nf3 Nxf3+ 12. Bxf3 Bxc3 13. Qxc3 cxd5 14. exd5
e6 15. dxe6 Bxe6 16. O-O Rc8 17. Qb4 b6 18. Qa3 a5 19. Rfd1 Qf6 20. Rd2 Rfd8 21.
Qe3 Rxd2 22. Qxd2 Rd8 23. Qc2 Bf5 24. Qe2 Rc8 25. Rd1 Kg7 26. h4 Rc2 27. Qe3 h5
28. b4 Rxa2 29. bxa5 bxa5 30. Rd4 a4 31. Bd5 Re2 32. Qxe2 Qxd4 33. Ba2 a3 0-1

[Event "28th Czech Open A 2017"]
[Site "Pardubice CZE"]
[Date "2017.07.29"]
[Round "9.8"]
[White "Paravyan, David"]
[Black "Kislinsky, Alexey"]
[Result "1-0"]
[WhiteTitle "IM"]
[BlackTitle "GM"]
[WhiteElo "2531"]
[BlackElo "2479"]
[WhiteFideId "4194985"]
[BlackFideId "14108801"]
[EventDate "2017.07.21"]

1. d4 Nf6 2. Bf4 g6 3. Nc3 d6 4. e4 c6 5. Nf3 Bg7 6. Qd2 b5 7. Bd3 Bg4 8. Bh6
Bxh6 9. Qxh6 Bxf3 10. gxf3 Qa5 11. e5 dxe5 12. dxe5 b4 13. exf6 bxc3 14. O-O Nd7
15. b4 Qh5 16. Qxh5 gxh5 17. fxe7 Kxe7 18. Rfe1+ Kf6 19. Be4 Ne5 20. f4 Rhg8+
21. Kh1 Nc4 22. Bd3 Nd2 23. Re5 Rg4 24. Rf5+ Kg7 25. Rxh5 Rg8 26. Bxh7 Rh8 27.
Bf5 Rxh5 28. Bxg4 Rh4 29. Rg1 Kf8 30. f5 Ne4 31. h3 Nxf2+ 32. Kh2 Ne4 33. Re1
Nd2 34. Kg2 Rh6 35. Re3 Nb1 36. Rd3 Ke7 37. Kf2 Rh8 38. Ke3 Rb8 39. Rd4 Rb5 40.
a4 Rb8 41. Kd3 Kf6 42. Kc4 Ke5 43. Rd7 a5 44. bxa5 Ra8 45. Re7+ Kf4 46. Rb7 Nd2+
47. Kxc3 Ne4+ 48. Kb4 c5+ 49. Ka3 f6 50. Rb5 Ra7 51. Kb3 Ke5 52. Kc4 Nd6+ 53.
Kxc5 Nxb5 54. Kb6 1-0

[Event "28th Czech Open A 2017"]
[Site "Pardubice CZE"]
[Date "2017.07.29"]
[Round "9.10"]
[White "Vetoshko, Volodymyr"]
[Black "Nihal, Sarin"]
[Result "1/2-1/2"]
[WhiteTitle "GM"]
[BlackTitle "FM"]
[WhiteElo "2505"]
[BlackElo "2471"]
[WhiteFideId "14122480"]
[BlackFideId "25092340"]
[EventDate "2017.07.21"]

1. d4 Nf6 2. c4 g6 3. g3 Bg7 4. Bg2 O-O 5. Nc3 d6 6. Nf3 Nbd7 7. O-O e5 8. e4 c6
9. h3 Qb6 10. c5 dxc5 11. dxe5 Ne8 12. Na4 Qa6 13. Qc2 b6 14. Bf4 Nc7 15. Rfd1
Ne6 16. Rd6 b5 17. Nc3 Qb7 18. Rad1 Re8 19. Qd2 Nb6 20. b3 a5 21. Bh6 Bh8 22.
Ne2 c4 23. Ned4 cxb3 24. axb3 a4 25. Nxc6 axb3 26. Qb4 Nc4 27. Rd8 Qxc6 28. Nd4
Rxd8 29. Nxc6 Rxd1+ 30. Kh2 Bg7 31. Bxg7 Kxg7 32. Qxb3 Rd2 33. Qf3 Bb7 34. Qf6+
Kg8 35. Ne7+ Kf8 36. Nd5 Kg8 37. Ne7+ Kf8 38. Nd5 Kg8 39. Ne7+ Kf8 40. Nd5 1/2-1/2

[Event "28th Czech Open A 2017"]
[Site "Pardubice CZE"]
[Date "2017.07.29"]
[Round "9.11"]
[White "Vorobiov, Evgeny E."]
[Black "Abergel, Thal"]
[Result "1-0"]
[WhiteTitle "GM"]
[BlackTitle "GM"]
[WhiteElo "2585"]
[BlackElo "2464"]
[WhiteFideId "4121341"]
[BlackFideId "614890"]
[EventDate "2017.07.21"]

1. Nf3 Nf6 2. g3 d5 3. Bg2 e6 4. O-O Be7 5. d3 O-O 6. Nbd2 b5 7. e4 b4 8. Re1 c5
9. e5 Nfd7 10. h4 Nc6 11. Nf1 a5 12. N1h2 a4 13. Bg5 a3 14. b3 Ra7 15. Qd2 d4
16. Ng4 Nb6 17. h5 Nd5 18. h6 g6 19. Bxe7 Ncxe7 20. Ng5 Rc7 21. Bxd5 Nxd5 22.
Ne4 Bb7 23. Ngf6+ Kh8 24. Nxd5 Qxd5 25. Qg5 f5 26. exf6 e5 27. f3 Rcf7 28. Re2
Kg8 29. Rf1 Re8 30. g4 Ba8 31. Qh4 Re6 32. g5 Rf8 33. Qg3 Kf7 34. Kg2 Rfe8 35.
Rfe1 Qc6 36. Nd2 Qc7 37. Nc4 1-0

[Event "28th Czech Open A 2017"]
[Site "Pardubice CZE"]
[Date "2017.07.29"]
[Round "9.12"]
[White "Chigaev, Maksim"]
[Black "Bilguun, Sumiya"]
[Result "1-0"]
[WhiteTitle "GM"]
[BlackTitle "IM"]
[WhiteElo "2578"]
[BlackElo "2460"]
[WhiteFideId "4108116"]
[BlackFideId "4901541"]
[EventDate "2017.07.21"]

1. Nf3 d5 2. e3 Nf6 3. c4 e6 4. b3 Bd6 5. Bb2 Nbd7 6. Nc3 c6 7. Qc2 O-O 8. Rg1
Ne5 9. O-O-O Nfd7 10. Nxe5 Nxe5 11. f4 Ng6 12. g4 e5 13. f5 Ne7 14. Kb1 Qa5 15.
f6 gxf6 16. Bd3 e4 17. Bxe4 Rd8 18. Bxh7+ Kf8 19. g5 fxg5 20. Rxg5 Be6 21. Ne4
f5 22. Nxd6 Rxd6 23. Bxf5 Bxf5 24. Rxf5+ Ke8 25. Re5 Kd7 26. Rxe7+ Kxe7 27. Qh7+ 1-0

[Event "28th Czech Open A 2017"]
[Site "Pardubice CZE"]
[Date "2017.07.29"]
[Round "9.13"]
[White "Nagy, Gabor1"]
[Black "Ghosh, Diptayan"]
[Result "1/2-1/2"]
[WhiteTitle "IM"]
[BlackTitle "GM"]
[WhiteElo "2452"]
[BlackElo "2569"]
[WhiteFideId "737119"]
[BlackFideId "5045207"]
[EventDate "2017.07.21"]

1. Nf3 Nf6 2. c4 e6 3. d4 b6 4. g3 Ba6 5. b3 Bb4+ 6. Bd2 Be7 7. Bg2 d5 8. cxd5
exd5 9. O-O O-O 10. Nc3 Re8 11. Qc2 Bb7 12. Nh4 Nbd7 13. Nf5 1/2-1/2